[Event "BL 0203 (Women)"]
[Site "Germany"]
[Date "2002.12.01"]
[Round "4.5"]
[White "Virnik, Elena"]
[Black "Moingt, Anne"]
[Result "0-1"]
[WhiteElo "2132"]
[BlackElo "2169"]
[PlyCount "62"]
[EventDate "2002.10.12"]
[EventType "team-tourn"]
[EventRounds "11"]
[EventCountry "GER"]
[SourceTitle "EXT 2004"]
[Source "ChessBase"]
[SourceDate "2003.11.25"]
[SourceVersion "1"]
[SourceVersionDate "2003.11.25"]
[SourceQuality "1"]
[WhiteTeam "Leipzig WBA (W)"]
[BlackTeam "Karlsruhe (W)"]
[WhiteTeamCountry "GER"]
[BlackTeamCountry "GER"]

1. e4 c5 2. Nf3 d6 3. d4 cxd4 4. Nxd4 Nf6 5. Nc3 Nc6 6. Bc4 Qb6 7. Nde2 e6 8. Be3 Qc7 9. Nb5 Qb8 10. f3 a6 11. Nbd4 Qc7 12. 0-0 Be7 13. Bb3 0-0 14. Nxc6 bxc6 15. c4 e5 16. Qc2 Be6 17. Rfd1 Rfd8 18. Rac1 Qb7 19. Nc3 Rac8 20. Qf2 Rb8 21. Ba7 Ra8 22. Bb6 Rd7 23. Nd5 Bxd5 24. cxd5 c5 25. Ba5 Bd8 26. Be1 c4 27. Qc2 cxb3 28. axb3 Rc7 29. Qd3 Rxc1 30. Rxc1 Bb6+ 31. Kf1 Rc8 0-1

[Event "BL 0001 (Women)"]
[Site "Germany"]
[Date "2000.??.??"]
[Round "2.1"]
[White "Virnik, Elena"]
[Black "Madl, Ildiko"]
[Result "0-1"]
[WhiteElo "2141"]
[BlackElo "2418"]
[PlyCount "118"]
[EventDate "2000.10.??"]
[EventType "team-tourn"]
[EventRounds "11"]
[EventCountry "GER"]
[SourceTitle "CBM 082 Extra"]
[Source "ChessBase"]
[SourceDate "2001.07.03"]
[SourceVersion "1"]
[SourceVersionDate "2001.07.03"]
[SourceQuality "1"]
[WhiteTeam "Leipzig VGG (W)"]
[BlackTeam "Halle USV (W)"]
[WhiteTeamCountry "GER"]
[BlackTeamCountry "GER"]

1. e4 c5 2. Nf3 d6 3. d4 cxd4 4. Nxd4 Nf6 5. Nc3 Nc6 6. Be2 g6 7. 0-0 Bg7 8. Nb3 0-0 9. f4 b5 10. Bf3 Bb7 11. Kh1 a6 12. Qe1 Nd7 13. Bd2 Rc8 14. a3 e6 15. Nd1 Qe7 16. Bc3 e5 17. Ne3 Nd4 18. f5 Nxf3 19. gxf3 Nb6 20. Na5 Ba8 21. Bb4 Rfd8 22. Rd1 Rd7 23. Rf2 Qd8 24. fxg6 hxg6 25. Rfd2 d5 26. Ng4 dxe4 27. Rxd7 Nxd7 28. fxe4 Qc7 29. c3 Nc5 30. Nf2 Ne6 31. Nb3 Rd8 32. Ba5 Rxd1 33. Qxd1 Qc4 34. Nd2 Qc6 35. Kg1 Bh6 36. Nf3 Bf4 37. Bb4 Kg7 38. Bd6 f6 39. Qd3 Bb7 40. Bb4 Kf7 41. Kf1 Ke8 42. Nh4 Kf7 43. Ng2 Bxh2 44. Qh3 Ng5 45. Qh8 Qc8 46. Qh6 Bg3 47. Nd3 Bxe4 48. Nge1 Qf5+ 49. Ke2 Bxd3+ 50. Nxd3 Qe4+ 51. Kd2 Nf3+ 52. Kc2 Ne1+ 53. Kb1 Qxd3+ 54. Ka2 Nc2 55. Qf8+ Ke6 56. Be7 Bh4 57. Bd8 Ne3 58. Qg8+ Kf5 59. Be7 Qd5+ 0-1

[Event "EU-ch U20 Girls"]
[Site "Patras"]
[Date "1999.10.16"]
[Round "11"]
[White "Matnadze, Ana"]
[Black "Virnik, Elena"]
[Result "1-0"]
[WhiteElo "2280"]
[BlackElo "2154"]
[PlyCount "75"]
[EventDate "1999.10.02"]
[EventType "swiss"]
[EventRounds "13"]
[EventCountry "GRE"]
[SourceTitle "CBM 072 Extra"]
[Source "ChessBase"]
[SourceDate "1999.11.18"]
[SourceVersion "1"]
[SourceVersionDate "1999.11.18"]
[SourceQuality "1"]

1. d4 Nf6 2. c4 e6 3. Nf3 b6 4. g3 Ba6 5. Qc2 c5 6. Bg2 Nc6 7. dxc5 Bxc5 8. a3 Rc8 9. Qa4 Bb7 10. 0-0 0-0 11. Nc3 Be7 12. b4 a5 13. b5 Nb8 14. Bb2 Qc7 15. Nd2 Bxg2 16. Kxg2 Qb7+ 17. Kg1 d6 18. e4 Nbd7 19. Qd1 Rc7 20. Qe2 Rfc8 21. Nd1 Nc5 22. f3 Nfd7 23. Bd4 Bf6 24. Bxf6 Nxf6 25. a4 d5 26. cxd5 exd5 27. e5 Nfd7 28. f4 d4 29. Nf2 Ne6 30. Nde4 Rc2 31. Qh5 Qd5 32. Rad1 R8c4 33. Nd6 g6 34. Qh4 Rxa4 35. Qe7 Nef8 36. Rde1 Raa2 37. e6 fxe6 38. Ne8 1-0

[Event "EU-ch U20 Girls"]
[Site "Patras"]
[Date "1999.10.12"]
[Round "7"]
[White "Mladenovic, Jelena"]
[Black "Virnik, Elena"]
[Result "1/2-1/2"]
[WhiteElo "2023"]
[BlackElo "2154"]
[PlyCount "61"]
[EventDate "1999.10.02"]
[EventType "swiss"]
[EventRounds "13"]
[EventCountry "GRE"]
[SourceTitle "CBM 072 Extra"]
[Source "ChessBase"]
[SourceDate "1999.11.18"]
[SourceVersion "1"]
[SourceVersionDate "1999.11.18"]
[SourceQuality "1"]

1. e4 c5 2. Nf3 d6 3. d4 cxd4 4. Nxd4 Nf6 5. Nc3 a6 6. Bd3 e6 7. 0-0 Be7 8. a4 0-0 9. Nb3 Nc6 10. Be3 d5 11. exd5 Nxd5 12. Nxd5 Qxd5 13. Qe2 Ne5 14. Rfd1 Nxd3 15. Rxd3 Qe5 16. Qd2 Qh5 17. f4 f6 18. Rf1 b5 19. a5 Bb7 20. Rd7 Rad8 21. Bb6 Rxd7 22. Qxd7 Qd5 23. Qxd5 Bxd5 24. Nc5 Bxc5+ 25. Bxc5 Rc8 26. b4 Kf7 27. Re1 Kg6 28. g4 f5 29. h3 Be4 30. c3 Rd8 31. Bd4 1/2-1/2

[Event "EU-ch U20 Girls"]
[Site "Patras"]
[Date "1999.10.08"]
[Round "4"]
[White "Virnik, Elena"]
[Black "Palotai, Piroska"]
[Result "1/2-1/2"]
[WhiteElo "2154"]
[BlackElo "2072"]
[PlyCount "69"]
[EventDate "1999.10.02"]
[EventType "swiss"]
[EventRounds "13"]
[EventCountry "GRE"]
[SourceTitle "CBM 072 Extra"]
[Source "ChessBase"]
[SourceDate "1999.11.18"]
[SourceVersion "1"]
[SourceVersionDate "1999.11.18"]
[SourceQuality "1"]

1. e4 e5 2. Nf3 Nc6 3. Bb5 Nf6 4. 0-0 Nxe4 5. d4 Nd6 6. Bxc6 dxc6 7. dxe5 Nf5 8. Qxd8+ Kxd8 9. Bg5+ Be7 10. Nc3 Ke8 11. Bxe7 Nxe7 12. Nd4 a6 13. f4 c5 14. Nf3 Bf5 15. Rf2 Rd8 16. Nh4 b6 17. Re1 Rd7 18. h3 h5 19. Nd1 Rd4 20. c3 Re4 21. Re3 Rxe3 22. Nxe3 Be4 23. Nf3 Rh6 24. Ng5 Bb1 25. a3 f6 26. exf6 gxf6 27. Nf3 Be4 28. Rf1 Nd5 29. Nxd5 Bxd5 30. Re1+ Kf7 31. Kf2 Rh8 32. g4 hxg4 33. hxg4 Rh3 34. Re3 Rh1 35. g5 1/2-1/2

[Event "EU-ch U20 Girls"]
[Site "Patras"]
[Date "1999.10.07"]
[Round "3"]
[White "Batyte, Daiva"]
[Black "Virnik, Elena"]
[Result "1/2-1/2"]
[WhiteElo "2107"]
[BlackElo "2154"]
[PlyCount "109"]
[EventDate "1999.10.02"]
[EventType "swiss"]
[EventRounds "13"]
[EventCountry "GRE"]
[SourceTitle "CBM 072 Extra"]
[Source "ChessBase"]
[SourceDate "1999.11.18"]
[SourceVersion "1"]
[SourceVersionDate "1999.11.18"]
[SourceQuality "1"]

1. e4 c5 2. Nf3 d6 3. d4 cxd4 4. Nxd4 Nf6 5. Nc3 a6 6. Be2 e6 7. Be3 Qc7 8. 0-0 Nc6 9. f4 Be7 10. Kh1 0-0 11. Qe1 Re8 12. Bf3 d5 13. Qg3 dxe4 14. Bxe4 Bd7 15. Rad1 Nb4 16. Qf3 Nxe4 17. Nxe4 Nd5 18. Bc1 Nf6 19. b3 Nxe4 20. Qxe4 Bf6 21. Bb2 e5 22. fxe5 Rxe5 23. Qf4 Rc5 24. Qf3 Rg5 25. Rd2 Re8 26. Qd3 Rh5 27. h3 Bc8 28. c4 Rd8 29. Rdf2 Rg5 30. Qe4 b6 31. Nc6 Bb7 32. Bxf6 gxf6 33. Rxf6 Rg7 34. Ne7+ Kf8 35. Nd5 Qc5 36. Qe6 Bxd5 37. Rxf7+ Rxf7 38. Rxf7+ Kg8 39. cxd5 Qxd5 40. Qxd5 Rxd5 41. Rb7 Rd2 42. a4 Rd6 43. b4 Rd1+ 44. Kh2 Ra1 45. Rxb6 Rxa4 46. g4 a5 47. bxa5 Rxa5 48. Kg3 h5 49. Kh4 hxg4 50. hxg4 Kg7 51. Rd6 Rb5 52. Re6 Ra5 53. Kg3 Ra3+ 54. Kf4 Ra5 55. Re5 1/2-1/2

[Event "BL2-Nord 9899"]
[Site "Germany"]
[Date "1999.03.21"]
[Round "8.7"]
[White "Federau, Juergen"]
[Black "Virnik, Elena"]
[Result "1-0"]
[WhiteElo "2250"]
[BlackElo "2160"]
[PlyCount "96"]
[EventDate "1998.10.18"]
[EventType "team-tourn"]
[EventRounds "9"]
[EventCountry "GER"]
[SourceTitle "GER-chT2"]
[Source "ChessBase"]
[SourceDate "1999.07.01"]
[SourceVersion "1"]
[SourceVersionDate "1999.07.01"]
[SourceQuality "1"]
[WhiteTeam "Kreuzberg"]
[BlackTeam "Lasker Steglitz"]
[WhiteTeamCountry "GER"]
[BlackTeamCountry "GER"]

1. d4 Nf6 2. Bg5 Ne4 3. Bf4 c5 4. f3 Qa5+ 5. c3 Nf6 6. d5 Qb6 7. b3 g6 8. e4 d6 9. Bc4 Bg7 10. Ne2 0-0 11. 0-0 Nbd7 12. a4 a6 13. a5 Qc7 14. Nd2 Nh5 15. Be3 Ne5 16. Ra2 f5 17. exf5 gxf5 18. f4 Nxc4 19. Nxc4 Bd7 20. Nb6 Rad8 21. b4 Nf6 22. bxc5 dxc5 23. c4 Ne4 24. Qc1 Be8 25. Ng3 Nd6 26. Rd1 Nc8 27. Qa3 Bd4 28. Bxd4 cxd4 29. Nxc8 Rxc8 30. Rxd4 b5 31. axb6 Qxb6 32. Qb2 Qa7 33. Qf2 Rf6 34. Re2 Kf8 35. h3 a5 36. Kh2 a4 37. Ra2 Qc5 38. Qd2 Bd7 39. Qd3 Qb4 40. Nh5 Rb6 41. Qe2 Qd6 42. Qe5 Qg6 43. Re2 Re8 44. c5 Rb3 45. c6 Bxc6 46. dxc6 Qxh5 47. c7 Rc3 48. Rd8 Rxd8 1-0

[Event "Berlin-ch op"]
[Site "Berlin"]
[Date "1999.??.??"]
[Round "1"]
[White "Virnik, Elena"]
[Black "Brustkern, Juergen"]
[Result "1-0"]
[WhiteElo "2163"]
[BlackElo "2298"]
[PlyCount "81"]
[EventDate "1999.??.??"]
[EventType "swiss"]
[EventRounds "9"]
[EventCountry "GER"]
[SourceTitle "EXT 2002"]
[Source "ChessBase"]
[SourceDate "2001.11.25"]
[SourceVersion "1"]
[SourceVersionDate "2001.11.25"]
[SourceQuality "1"]

1. e4 c5 2. Nf3 e6 3. Nc3 a6 4. d4 cxd4 5. Nxd4 b5 6. Be2 Bb7 7. 0-0 Qc7 8. Bf3 d6 9. Re1 Be7 10. e5 dxe5 11. Bxb7 Qxb7 12. Rxe5 Nf6 13. Bg5 Nfd7 14. Bxe7 Nxe5 15. Bb4 Nbc6 16. Ne4 Nc4 17. Qf3 Nd8 18. b3 f5 19. Nxf5 exf5 20. Qxf5 Qf7 21. Qg4 Qe6 22. Qxg7 Nf7 23. Re1 0-0-0 24. Nd6+ Rxd6 25. Rxe6 Rxe6 26. Qxf7 Rhe8 27. h3 Ne5 28. Qxh7 Nc6 29. Bd2 R8e7 30. Qf5 Nd4 31. Qc5+ Nc6 32. c4 bxc4 33. Qxc4 Kb7 34. Be3 Re5 35. h4 Rd7 36. g3 Red5 37. Kg2 Ne5 38. Qb4+ Rb5 39. Qe4+ Nc6 40. g4 Rb4 41. Qf5 1-0

[Event "GER-chT U20 Girls"]
[Site "Erfurt"]
[Date "1998.12.27"]
[Round "3"]
[White "Paehtz, Elisabeth"]
[Black "Virnik, Elena"]
[Result "1/2-1/2"]
[WhiteElo "2230"]
[BlackElo "2160"]
[PlyCount "46"]
[EventDate "1998.12.30"]
[EventType "team"]
[EventRounds "5"]
[EventCountry "GER"]
[SourceTitle "EXT 2002"]
[Source "ChessBase"]
[SourceDate "2001.11.25"]
[SourceVersion "1"]
[SourceVersionDate "2001.11.25"]
[SourceQuality "1"]

1. e4 c5 2. Nc3 e6 3. Nf3 d5 4. exd5 exd5 5. Bb5+ Nc6 6. Ne5 Nge7 7. 0-0 a6 8. Bxc6+ Nxc6 9. Nxc6 bxc6 10. d4 Be7 11. dxc5 Bxc5 12. Na4 Bd6 13. Re1+ Be6 14. Qd4 0-0 15. b3 Be7 16. Bf4 Bf6 17. Be5 Bxe5 18. Rxe5 Qf6 19. Rae1 Qg6 20. R1e2 Bf5 21. R5e3 Be4 22. Rg3 Qh6 23. h3 f5 1/2-1/2

[Event "EU-ch U18 Girls"]
[Site "Mureck"]
[Date "1998.??.??"]
[Round "9"]
[White "Virnik, Elena"]
[Black "Calota, Alina"]
[Result "1-0"]
[WhiteElo "2160"]
[BlackElo "2175"]
[PlyCount "103"]
[EventDate "1998.07.08"]
[EventType "swiss"]
[EventRounds "9"]
[EventCountry "AUT"]
[SourceTitle "CBM 065 Extra"]
[Source "ChessBase"]
[SourceDate "1998.09.09"]
[SourceVersion "1"]
[SourceVersionDate "1998.09.09"]
[SourceQuality "1"]

1. e4 c5 2. Nf3 d6 3. d4 cxd4 4. Nxd4 Nf6 5. Nc3 g6 6. Be3 Bg7 7. f3 0-0 8. Qd2 Nc6 9. Bc4 Bd7 10. 0-0-0 Rc8 11. Bb3 Ne5 12. h4 h5 13. Bg5 Rc5 14. Kb1 b5 15. Rhe1 Nc4 16. Bxc4 Rxc4 17. e5 Nh7 18. exd6 Rxd4 19. dxe7 Qb6 20. exf8Q+ Nxf8 21. Qe3 Be6 22. Rxd4 Bxd4 23. Qd2 Bg7 24. Nd5 Qc5 25. Nf6+ Kh8 26. Ne8 Qc4 27. b3 Qc3 28. Qxc3 Bxc3 29. Bf6+ Bxf6 30. Nxf6 Kg7 31. Ne4 Bd5 32. Kb2 Ne6 33. Rd1 Bc6 34. Rd6 Be8 35. Ra6 Nf4 36. g3 Ne2 37. Rxa7 Bc6 38. Ng5 Nxg3 39. Rxf7+ Kg8 40. Rf6 Be8 41. Ne6 Bf7 42. Nd4 Kg7 43. Rb6 Be8 44. Nxb5 g5 45. hxg5 h4 46. Nc3 Bg6 47. Nd1 h3 48. Nf2 h2 49. a4 Nf5 50. a5 Ne3 51. Nh1 Bh5 52. Rh6 1-0

[Event "EU-ch U18 Girls"]
[Site "Mureck"]
[Date "1998.??.??"]
[Round "3"]
[White "Virnik, Elena"]
[Black "Chasovnikova, Eugenia"]
[Result "0-1"]
[WhiteElo "2160"]
[BlackElo "2260"]
[PlyCount "68"]
[EventDate "1998.07.08"]
[EventType "swiss"]
[EventRounds "9"]
[EventCountry "AUT"]
[SourceTitle "CBM 065 Extra"]
[Source "ChessBase"]
[SourceDate "1998.09.09"]
[SourceVersion "1"]
[SourceVersionDate "1998.09.09"]
[SourceQuality "1"]

1. e4 c6 2. d4 d5 3. exd5 cxd5 4. c4 Nf6 5. Nc3 e6 6. c5 Be7 7. Nf3 0-0 8. Bg5 Nc6 9. Bb5 Ne4 10. Bxe7 Nxe7 11. Qc2 Qa5 12. Bd3 b6 13. Bxe4 dxe4 14. Qxe4 Ba6 15. Ng5 Ng6 16. h4 bxc5 17. 0-0-0 cxd4 18. Rxd4 Rac8 19. Rh3 h6 20. Ra4 Qb5 21. Nf3 Bb7 22. Rb4 Bxe4 23. Rxb5 Nf4 24. Rh1 Rfd8 25. Nd2 Nd3+ 26. Kd1 Nxf2+ 27. Ke1 Bc6 28. Kxf2 Bxb5 29. Nf3 Bc6 30. Ke2 f6 31. Rc1 Kf7 32. Rc2 Be4 33. Rc1 Bxf3+ 34. gxf3 Rd4 0-1

[Event "Berlin-ch"]
[Site "Berlin"]
[Date "1997.03.27"]
[Round "6"]
[White "Virnik, Elena"]
[Black "Welz, Peter"]
[Result "1/2-1/2"]
[WhiteElo "2175"]
[BlackElo "2205"]
[PlyCount "43"]
[EventDate "1997.03.22"]
[EventType "swiss"]
[EventRounds "9"]
[EventCountry "GER"]
[SourceTitle "EXT 2001"]
[Source "ChessBase"]
[SourceDate "2000.11.22"]
[SourceVersion "1"]
[SourceVersionDate "2000.11.22"]
[SourceQuality "1"]

1. e4 e6 2. d4 d5 3. exd5 exd5 4. Bd3 Nc6 5. Nf3 Bg4 6. c3 Bd6 7. 0-0 Qd7 8. b4 Nge7 9. Re1 0-0 10. Bg5 Ng6 11. Nbd2 f6 12. Bxg6 hxg6 13. Bh4 g5 14. Bg3 Bxg3 15. hxg3 Rae8 16. Qb3 Kh8 17. Nf1 Ne7 18. Re2 Nf5 19. Rae1 Rxe2 20. Rxe2 c6 21. N1h2 Bxf3 22. gxf3 1/2-1/2

[Event "BL2-Nord 9798"]
[Site "Germany"]
[Date "1997.??.??"]
[Round "1.8"]
[White "Virnik, Elena"]
[Black "Giemsa, Stephan"]
[Result "0-1"]
[WhiteElo "2185"]
[BlackElo "2310"]
[PlyCount "80"]
[EventDate "1997.10.??"]
[EventType "team-tourn"]
[EventRounds "9"]
[EventCountry "GER"]
[SourceTitle "EXT 1999"]
[Source "ChessBase"]
[SourceDate "1998.11.16"]
[SourceVersion "1"]
[SourceVersionDate "1998.11.16"]
[SourceQuality "1"]
[WhiteTeam "Lasker Steglitz"]
[BlackTeam "Koenig Tegel"]
[WhiteTeamCountry "GER"]
[BlackTeamCountry "GER"]

1. e4 e6 2. d4 d5 3. exd5 exd5 4. Bd3 c5 5. Nf3 Nc6 6. 0-0 cxd4 7. Re1+ Be7 8. Bb5 Nf6 9. Nxd4 Bd7 10. Bxc6 bxc6 11. Qe2 c5 12. Nf3 h6 13. Ne5 0-0 14. Nxd7 Qxd7 15. Bf4 Rfe8 16. Qf3 Qf5 17. Nc3 Bf8 18. Nb5 Rxe1+ 19. Rxe1 Qxc2 20. Nc7 Rc8 21. Nxd5 Nxd5 22. Qxd5 Re8 23. Be5 Qxb2 24. g3 Qb6 25. Rd1 Qe6 26. Qxe6 Rxe6 27. Bb8 Ra6 28. Rd8 f6 29. Kg2 Kf7 30. Rd7+ Ke6 31. Rxa7 Rxa7 32. Bxa7 Kd5 33. a4 Kc4 34. a5 Kb5 35. Bb6 c4 36. Kf3 Bb4 37. Ke2 Bxa5 38. Bxa5 Kxa5 39. Kd2 Kb4 40. Kc2 c3 0-1

[Event "Dresden (Women)"]
[Site "Dresden"]
[Date "1997.??.??"]
[Round "7"]
[White "Virnik, Elena"]
[Black "Korenova, Martina"]
[Result "0-1"]
[WhiteElo "2185"]
[BlackElo "2280"]
[PlyCount "110"]
[EventDate "1997.??.??"]
[EventType "tourn"]
[EventRounds "9"]
[EventCountry "GER"]
[SourceTitle "EXT 1998"]
[Source "ChessBase"]
[SourceDate "1997.11.17"]
[SourceVersion "1"]
[SourceVersionDate "1997.11.17"]
[SourceQuality "1"]

1. e4 e5 2. Nf3 Nc6 3. Bb5 a6 4. Bxc6 dxc6 5. Nc3 f6 6. d4 exd4 7. Nxd4 c5 8. Nde2 Qxd1+ 9. Nxd1 Bd7 10. Bf4 0-0-0 11. Ndc3 Ne7 12. Rd1 Re8 13. 0-0 Ng6 14. Bc1 Bd6 15. Ng3 h5 16. Nf5 Bxf5 17. exf5 Ne7 18. Ne4 Nxf5 19. Nxd6+ cxd6 20. Bf4 Re2 21. Rd5 g6 22. Rc1 Rd8 23. Kf1 Re4 24. g3 Rd4 25. Rxd4 Nxd4 26. c3 Ne6 27. Be3 Kd7 28. b4 cxb4 29. cxb4 Rc8 30. Rxc8 Kxc8 31. Ke2 Kd7 32. Kd3 Kc6 33. a4 Kd5 34. h3 Nd8 35. f4 Nc6 36. Bd2 f5 37. Bc3 a5 38. bxa5 Kc5 39. Be1 d5 40. Kc3 d4+ 41. Kb3 Kd5 42. Bd2 d3 43. Kc3 Ke4 44. Kc4 Nd4 45. Bc3 Nf3 46. Kc5 d2 47. Bxd2 Nxd2 48. Kb6 Nc4+ 49. Kxb7 Nxa5+ 50. Kb6 Nb3 51. Kb5 h4 52. gxh4 Kxf4 53. Kb4 Nd4 54. Kc5 Ke5 55. Kc4 Ne6 0-1

[Event "BL2-Nord 9697"]
[Site "Germany"]
[Date "1997.??.??"]
[Round "?.6"]
[White "Virnik, Elena"]
[Black "Mattick, Lutz"]
[Result "0-1"]
[WhiteElo "2175"]
[BlackElo "2270"]
[PlyCount "114"]
[EventDate "1996.10.??"]
[EventType "team-tourn"]
[EventRounds "9"]
[EventCountry "GER"]
[SourceTitle "GER-chT2"]
[Source "ChessBase"]
[SourceDate "1999.07.01"]
[SourceVersion "1"]
[SourceVersionDate "1999.07.01"]
[SourceQuality "1"]
[WhiteTeam "Lasker Steglitz"]
[BlackTeam "Kreuzberg"]
[WhiteTeamCountry "GER"]
[BlackTeamCountry "GER"]

1. e4 c5 2. Nf3 e6 3. Nc3 a6 4. d4 cxd4 5. Nxd4 Qc7 6. Be2 b5 7. f4 Bb7 8. Bf3 d6 9. 0-0 Nd7 10. Qe1 Ngf6 11. e5 dxe5 12. fxe5 Bc5 13. Be3 Qxe5 14. Bxb7 Ng4 15. Rf4 Nxe3 16. Re4 Bxd4 17. Qd2 Nf5+ 18. Kh1 Bxc3 19. bxc3 Qb8 20. Bxa8 Qxa8 21. Ree1 Nf6 22. a4 bxa4 23. Rxa4 0-0 24. Rea1 Rd8 25. Rxa6 Qb8 26. Qe2 h5 27. Qf3 Ng4 28. g3 Qe5 29. Ra8 Rxa8 30. Rxa8+ Kh7 31. Ra1 g6 32. Rb1 Kg7 33. c4 Nh4 34. Qf4 Qxf4 35. gxf4 Nf5 36. c5 Nf2+ 37. Kg2 Ne4 38. c6 Ne7 39. c7 Nd6 40. Kf3 Kf6 41. Rb8 e5 42. c4 e4+ 43. Ke3 Nxc4+ 44. Kxe4 Nd6+ 45. Kf3 Nec8 46. Ra8 Ke6 47. Ra5 Kd7 48. Rc5 f6 49. Rc1 Ne8 50. h4 f5 51. Rc2 Nxc7 52. Rd2+ Ke6 53. Rc2 Kd6 54. Rb2 Ne7 55. Rb6+ Nc6 56. Rb1 Nd4+ 57. Ke3 Nde6 0-1

[Event "BL2-Nord 9697"]
[Site "Germany"]
[Date "1996.??.??"]
[Round "?.7"]
[White "Virnik, Elena"]
[Black "Bunzmann, Dimitrij"]
[Result "1-0"]
[WhiteElo "2205"]
[BlackElo "2275"]
[PlyCount "81"]
[EventDate "1996.10.??"]
[EventType "team-tourn"]
[EventRounds "9"]
[EventCountry "GER"]
[SourceTitle "GER-chT2"]
[Source "ChessBase"]
[SourceDate "1999.07.01"]
[SourceVersion "1"]
[SourceVersionDate "1999.07.01"]
[SourceQuality "1"]
[WhiteTeam "Lasker Steglitz"]
[BlackTeam "Neukoelln"]
[WhiteTeamCountry "GER"]
[BlackTeamCountry "GER"]

1. e4 c5 2. Nf3 Nc6 3. Nc3 e6 4. d4 cxd4 5. Nxd4 Nf6 6. Ndb5 d6 7. Bf4 e5 8. Bg5 a6 9. Na3 b5 10. Bxf6 gxf6 11. Nd5 Bg7 12. c3 Ne7 13. Nxe7 Qxe7 14. Nc2 f5 15. a4 fxe4 16. axb5 a5 17. Ne3 Be6 18. Bc4 0-0 19. Bd5 f5 20. Bxa8 Rxa8 21. Nxf5 Qg5 22. Nxg7 Bc4 23. Qd2 Qxg7 24. Qxd6 Qg4 25. Qd2 Kf7 26. h3 Qe6 27. Rd1 Bd3 28. f3 Qg6 29. Qf2 Rf8 30. fxe4+ Ke8 31. Qe3 Bxb5 32. Rd5 Bc6 33. Rxe5+ Kd7 34. Qd4+ Kc8 35. g4 Qf6 36. Rf5 Qh4+ 37. Ke2 Rd8 38. Qc5 Qh6 39. Rd1 Re8 40. e5 Kb7 41. Rd6 1-0